The student edition of MATLAB : (Record no. 217999)
[ view plain ]
| 000 -LEADER | |
|---|---|
| fixed length control field | 01021 a2200277 4500 |
| 003 - CONTROL NUMBER IDENTIFIER | |
| control field | Nust |
| 005 - DATE AND TIME OF LATEST TRANSACTION | |
| control field | 20221124085201.0 |
| 020 ## - INTERNATIONAL STANDARD BOOK NUMBER | |
| International Standard Book Number | 0-13-184979-4 (pbk) ; |
| 040 ## - CATALOGING SOURCE | |
| Transcribing agency | Nust |
| 082 04 - DEWEY DECIMAL CLASSIFICATION NUMBER | |
| Classification number | 519.4,MAT |
| 245 04 - TITLE STATEMENT | |
| Title | The student edition of MATLAB : |
| Remainder of title | the ultimate computing environment for technical education / |
| Statement of responsibility, etc. | with tutorial by Duane Hanselman and Bruce Littlefield |
| 250 ## - EDITION STATEMENT | |
| Edition statement | version 4 |
| 260 ## - PUBLICATION, DISTRIBUTION, ETC. | |
| Place of publication, distribution, etc. | Englewood Cliffs, NJ : |
| Name of publisher, distributor, etc. | Prentice Hall, |
| Date of publication, distribution, etc. | cop. 1995 |
| 300 ## - PHYSICAL DESCRIPTION | |
| Extent | 833 s.,[2] pl.-s. : |
| Other physical details | ill. |
| 440 #0 - SERIES STATEMENT/ADDED ENTRY--TITLE | |
| Title | MATLAB curriculum series, |
| 9 (RLIN) | 101131 |
| 500 ## - GENERAL NOTE | |
| General note | In case |
| 505 ## - FORMATTED CONTENTS NOTE | |
| Formatted contents note | Part 1: Getting Started (Page-), Part 2: Learning MATLAB and the Toolboxes (Page-39), Part 3: Reference (Page-269). |
| 650 #7 - SUBJECT ADDED ENTRY--TOPICAL TERM | |
| Topical term or geographic name entry element | Mathematics, Computers |
| 9 (RLIN) | 103467 |
| 650 #7 - SUBJECT ADDED ENTRY--TOPICAL TERM | |
| Topical term or geographic name entry element | MATLAB |
| 9 (RLIN) | 94870 |
| 650 #7 - SUBJECT ADDED ENTRY--TOPICAL TERM | |
| Topical term or geographic name entry element | MATLAB |
| 9 (RLIN) | 94870 |
| 650 #7 - SUBJECT ADDED ENTRY--TOPICAL TERM | |
| Topical term or geographic name entry element | Numerical analysis |
| General subdivision | Data processing |
| 9 (RLIN) | 72 |
| 700 1# - ADDED ENTRY--PERSONAL NAME | |
| Personal name | Hanselman, Duane C. |
| Relator code | oth |
| 9 (RLIN) | 23325 |
| 700 1# - ADDED ENTRY--PERSONAL NAME | |
| Personal name | Littlefield, Bruce |
| Relator code | oth |
| 9 (RLIN) | 23327 |
| 710 2# - ADDED ENTRY--CORPORATE NAME | |
| Corporate name or jurisdiction name as entry element | MathWorks, Inc. |
| 942 ## - ADDED ENTRY ELEMENTS (KOHA) | |
| Koha item type | Reference |
| Source of classification or shelving scheme | |
| Call number prefix | 519.4,MAT |
| Withdrawn status | Lost status | Source of classification or shelving scheme | Damaged status | Not for loan | Permanent Location | Current Location | Shelving location | Date acquired | Total Checkouts | Full call number | Barcode | Date last seen | Date last checked out | Price effective from | Koha item type | Public note |
|---|---|---|---|---|---|---|---|---|---|---|---|---|---|---|---|---|
| Military College of Signals (MCS) | Military College of Signals (MCS) | General Stacks | 12/12/2016 | 1 | 519.4,MAT | MCS20867 | 03/14/2025 | 03/04/2024 | 12/12/2016 | Book | Almirah No.14, Shelf No.3 |
